000 00403nam a2200157Ia 4500
003 GCL
008 140319s9999 xx 000 0 eng d
040 _aGCL /
_cGCL
082 0 4 _a860
_bA V
100 1 _aAYALA, FRANCISCO
245 1 0 _aLA MAGEN DE ESPANA /
_cAYALA, FRANCISCO
260 _a[S.N] :
_bPARACUELLAS DE GARANA ،
_c1986
300 _a221
650 0 4 _aSPANISH LITERATURE
942 _2ddc
_cBK
999 _c10532
_d10532